Southville International School and Colleges
Your cart is empty.
  • Cart
  • Lists
    Public lists Eva Luna New books Lux_list list_1
    Your lists Log in to create your own lists
  • Log in to your account
  • Your cookies
  • Search history
Southville International School and Colleges
  • Advanced search
  • Recent comments
  • Most popular
  • Libraries

Log in to your account

Log in with GOOGLE


If you do not have an external account, but do have a local account, you can still log in:

  1. Home
  2. MARC view: Simplified accounting for partnership and corporation /
Normal view MARC view ISBD view

Simplified accounting for partnership and corporation / (Record no. 115839)

[ view plain ]
MARC details
000 -LEADER
fixed length control field 00565nam a22001937a 4500
003 - CONTROL NUMBER IDENTIFIER
control field OSt
005 - DATE AND TIME OF LATEST TRANSACTION
control field 20140507144642.0
008 - FIXED-LENGTH DATA ELEMENTS--GENERAL INFORMATION
fixed length control field 140507b xxu||||| |||| 00| 0 eng d
020 ## - INTERNATIONAL STANDARD BOOK NUMBER
International Standard Book Number 9789719349181
050 ## - LIBRARY OF CONGRESS CALL NUMBER
Classification number HF 5635
Item number .Ab141 2009 vol.2
100 ## - MAIN ENTRY--PERSONAL NAME
Personal name Abeleda, Nelson S.
245 ## - TITLE STATEMENT
Title Simplified accounting for partnership and corporation /
Statement of responsibility, etc Nelson S. Abeleda.
260 ## - PUBLICATION, DISTRIBUTION, ETC. (IMPRINT)
Place of publication, distribution, etc Paranaque City :
Name of publisher, distributor, etc Nelson Publications,
Date of publication, distribution, etc c2009.
300 ## - PHYSICAL DESCRIPTION
Extent 338 p. :
Dimensions 23 cm.
521 ## - TARGET AUDIENCE NOTE
Target audience note
650 ## - SUBJECT ADDED ENTRY--TOPICAL TERM
Topical term or geographic name as entry element Accounting
General subdivision Partnership
942 ## - ADDED ENTRY ELEMENTS (KOHA)
Source of classification or shelving scheme Library of Congress Classification
Koha item type Books
Call number prefix Filipininana
Holdings
Withdrawn status Lost status Source of classification or shelving scheme Damaged status Home library Current library Shelving location Date acquired Source of acquisition Total Checkouts Total Renewals Full call number Barcode Date last seen Date checked out Copy number Price effective from Koha item type
    Library of Congress Classification   Archives Archives   05/07/2014 Donation 1 6 HF 5635 .Ab141 2009 vol.2 C10808 05/08/2018 11/12/2014 1 05/07/2014 Books

Simplified accounting for partnership and corporation /

APA

Abeleda N. S., . (2009). Simplified accounting for partnership and corporation. Paranaque City: Nelson Publications.

Chicago

Abeleda Nelson S, . 2009. Simplified accounting for partnership and corporation. Paranaque City: Nelson Publications.

Harvard

Abeleda N. S., . (2009). Simplified accounting for partnership and corporation. Paranaque City: Nelson Publications.

MLA

Abeleda Nelson S, . Simplified accounting for partnership and corporation. Paranaque City: Nelson Publications. 2009.

  • Place hold
  • Print
  • Cite
  • Add to your cart (remove)
  • Save record
    BIBTEX Dublin Core MARCXML MARC (non-Unicode/MARC-8) MARC (Unicode/UTF-8) MARC (Unicode/UTF-8, Standard) MODS (XML) RIS
  • More searches
    Search for this title in:
    Other Libraries (WorldCat) Other Databases (Google Scholar) Online Stores (Bookfinder.com) Open Library (openlibrary.org)

Exporting to Dublin Core...

SOUTHVILLE LIBRARY

Southville International School and Colleges Library

1281 Tropical Ave. Cor. Luxembourg St., BF Homes International, Las Pinas City

Tel. No. 8256374 / 252358 Loc. 117/146

Powered by Koha